[Event "St Gallen ICSC Silent op"]
[Site "St Gallen"]
[Date "2008.07.26"]
[Round "6"]
[White "Golemovic, Tvrtko"]
[Black "Marczukiewicz, Jerzy"]
[Result "0-1"]
[WhiteElo "1813"]
[BlackElo "2000"]
[PlyCount "150"]
[EventDate "2008.07.20"]
[EventType "swiss"]
[EventRounds "9"]
[EventCountry "SUI"]
[SourceTitle "EXT 2009"]
[Source "ChessBase"]
[SourceDate "2008.11.26"]
[SourceVersion "1"]
[SourceVersionDate "2008.11.26"]
[SourceQuality "1"]

1. d4 d5 2. Nf3 Nf6 3. Bg5 Ne4 4. Bf4 c5 5. c3 cxd4 6. cxd4 Nc6 7. e3 Qa5+ 8. Nbd2 Bg4 9. Be2 e6 10. 0-0 Nxd2 11. Nxd2 Bxe2 12. Qxe2 Be7 13. a3 0-0 14. Qd3 Rfc8 15. Rac1 Qd8 16. Nb3 Na5 17. Nxa5 Qxa5 18. Qb3 Qb6 19. Qxb6 axb6 20. Rfd1 Rc6 21. Rxc6 bxc6 22. Bc7 Ra6 23. Rd3 b5 24. g3 f6 25. b4 Kf7 26. Rc3 Ke8 27. Kf1 Kd7 28. Ba5 e5 29. Ke2 e4 30. h3 h5 31. Rc1 Ra8 32. f3 exf3+ 33. Kxf3 Bd6 34. Rg1 Rh8 35. Re1 g6 36. Re2 Rg8 37. Rd2 Rh8 38. Rf2 f5 39. h4 Re8 40. Re2 Re4 41. Bb6 Rg4 42. Rg2 Be7 43. Bc5 Bd8 44. Bf8 g5 45. hxg5 Bxg5 46. Re2 h4 47. gxh4 Rxh4 48. Bg7 Rh3+ 49. Kf2 Bh4+ 50. Kf1 Rf3+ 51. Kg1 Bg5 52. Bf8 Rxe3 53. Rg2 Bf6 54. Bc5 Re4 55. Rd2 Bh4 56. Kg2 Be1 57. Rd3 Ke6 58. Rh3 Bh4 59. Kf3 Kf7 60. Bb6 Kg6 61. Bc5 Kg5 62. Bb6 Kh5 63. Bc5 Re8 64. Kf4 Rf8 65. Rf3 Bg5+ 66. Kg3 f4+ 67. Kg2 Re8 68. Rh3+ Bh4 69. Bb6 Kg4 70. Rh1 Re2+ 71. Kf1 Re1+ 72. Kg2 Rxh1 73. Kxh1 Kf3 74. Kg1 Ke2 75. Kg2 f3+ 0-1

[Event "Mazowiec-chT 0708"]
[Site "Poland"]
[Date "2008.02.10"]
[Round "10"]
[White "Borowicz, Miroslaw"]
[Black "Marczukiewicz, Jerzy"]
[Result "1-0"]
[WhiteElo "1917"]
[BlackElo "2000"]
[PlyCount "128"]
[EventDate "2007.10.14"]
[EventType "team-tourn"]
[EventRounds "10"]
[EventCountry "POL"]
[SourceTitle "EXT 2010"]
[Source "ChessBase"]
[SourceDate "2010.11.25"]
[SourceVersion "1"]
[SourceVersionDate "2010.11.25"]
[SourceQuality "1"]

1. d4 Nf6 2. c4 c5 3. d5 b5 4. cxb5 a6 5. bxa6 g6 6. Nc3 Bxa6 7. e4 Bxf1 8. Kxf1 d6 9. g3 Bg7 10. Kg2 0-0 11. Nf3 Nbd7 12. Re1 Qa5 13. Nd2 Ne5 14. Qe2 Qa6 15. Qxa6 Rxa6 16. f4 Nd3 17. Re3 Nxc1 18. Rxc1 Rb8 19. Nc4 Ne8 20. Re2 Nc7 21. e5 dxe5 22. fxe5 e6 23. d6 Nd5 24. b3 Bh6 25. Rcc2 Nb4 26. Rb2 Nd3 27. Rb1 Bc1 28. a4 Kg7 29. Nb5 Rb7 30. Kf3 Bg5 31. Rd1 Nb4 32. Nc7 Raa7 33. Na3 Nc6 34. Nab5 Nd4+ 35. Nxd4 cxd4 36. Rd3 Be3 37. Rexe3 dxe3 38. d7 Rb8 39. Ne8+ Kf8 40. d8Q Rxd8 41. Rxd8 Ke7 42. Rb8 Ra5 43. Kxe3 Rxe5+ 44. Kf3 Rc5 45. b4 Rc3+ 46. Ke4 Rc2 47. a5 f5+ 48. Kd3 Rxh2 49. a6 Ra2 50. b5 e5 51. Nc7 e4+ 52. Kc4 Rc2+ 53. Kd4 Rxc7 54. b6 Rd7+ 55. Ke3 Rd3+ 56. Ke2 Ra3 57. a7 Ra2+ 58. Ke3 Ra3+ 59. Kf4 Kf6 60. Rf8+ Ke6 61. a8Q Rf3+ 62. Kg5 Rxg3+ 63. Kh6 Rh3+ 64. Kg7 Rh5 1-0

[Event "Mazowiec-chT 0708"]
[Site "Poland"]
[Date "2008.02.03"]
[Round "9"]
[White "Marczukiewicz, Jerzy"]
[Black "Mietek, Lukasz"]
[Result "0-1"]
[WhiteElo "2000"]
[BlackElo "1981"]
[PlyCount "72"]
[EventDate "2007.10.14"]
[EventType "team-tourn"]
[EventRounds "10"]
[EventCountry "POL"]
[SourceTitle "EXT 2010"]
[Source "ChessBase"]
[SourceDate "2010.11.25"]
[SourceVersion "1"]
[SourceVersionDate "2010.11.25"]
[SourceQuality "1"]

1. Nf3 d5 2. d4 Nf6 3. c4 e6 4. g3 Nbd7 5. Bg2 Be7 6. 0-0 0-0 7. cxd5 exd5 8. Nc3 c6 9. Bf4 Nh5 10. Bd2 Bd6 11. e4 dxe4 12. Nxe4 Be7 13. Ne5 Nhf6 14. Qc2 Nxe4 15. Bxe4 Nf6 16. Bg2 Be6 17. Bc3 Bd5 18. f3 Qb6 19. Rfd1 Bd6 20. Qf2 Rfe8 21. g4 Rad8 22. Bf1 Qc7 23. h3 c5 24. Nd3 c4 25. Ne5 b5 26. a3 a5 27. Qe1 Ra8 28. Be2 Qb6 29. Qf2 Rad8 30. Kg2 b4 31. axb4 axb4 32. Bd2 Qc7 33. Rdc1 Bxe5 34. dxe5 Qxe5 35. Bxc4 Bxc4 36. Bxb4 Qf4 0-1

[Event "Mazowiec-chT 0708"]
[Site "Poland"]
[Date "2007.12.09"]
[Round "5"]
[White "Marczukiewicz, Jerzy"]
[Black "Rozowski, Marcin"]
[Result "1-0"]
[WhiteElo "2000"]
[BlackElo "1850"]
[PlyCount "119"]
[EventDate "2007.10.14"]
[EventType "team-tourn"]
[EventRounds "10"]
[EventCountry "POL"]
[SourceTitle "EXT 2010"]
[Source "ChessBase"]
[SourceDate "2010.11.25"]
[SourceVersion "1"]
[SourceVersionDate "2010.11.25"]
[SourceQuality "1"]

1. Nf3 d5 2. d4 Nf6 3. c4 e6 4. g3 Be7 5. Bg2 c6 6. Qc2 Nbd7 7. 0-0 0-0 8. Nbd2 c5 9. Rd1 cxd4 10. Nxd4 Rb8 11. N2f3 Qb6 12. Bf4 Bd6 13. Bxd6 Qxd6 14. Rac1 Ne5 15. cxd5 Nxf3+ 16. Bxf3 exd5 17. Qc7 Qxc7 18. Rxc7 Bd7 19. Bxd5 Nxd5 20. Rxd7 Nf6 21. Rc7 Rfd8 22. e3 Nd5 23. Rc5 Nb4 24. a3 Nc6 25. Rc4 Ne5 26. Rc7 Nc6 27. Kf1 g6 28. Ke2 Nxd4+ 29. Rxd4 Rdc8 30. Rdd7 Rxc7 31. Rxc7 Kg7 32. e4 Kf6 33. f4 h5 34. Ke3 Ke6 35. b4 a6 36. h3 b6 37. Rc6+ Kd7 38. Rf6 Ke7 39. e5 a5 40. b5 Rc8 41. Rc6 Rxc6 42. bxc6 Kd8 43. Kd4 Kc7 44. Kd5 b5 45. Kc5 b4 46. axb4 axb4 47. Kxb4 Kxc6 48. Kc4 Kd7 49. Kd5 Ke7 50. g4 h4 51. f5 gxf5 52. gxf5 Kd7 53. f6 Ke8 54. e6 fxe6+ 55. Kxe6 Kf8 56. f7 Kg7 57. Ke7 Kh7 58. Kf6 Kh6 59. f8Q+ Kh5 60. Qh8# 1-0